| 000 | 003610000a22001450004500 | ||
|---|---|---|---|
| 005 | 20120302062705.0 | ||
| 942 | _cBOOK | ||
| 100 |
_a _a _b _c |
||
| 245 | _a SHRI GURU GEETA ( SKAND PURANANTARGAT ) | ||
| 260 | _aAHEMADABAD : SHRI YHOG VEDANTA SEVA SAMITI | ||
| 300 | _a107 P. | ||
| 040 | _aMAR | ||
| 365 | _bRS.6/- | ||
| 650 | _aADHYATMA / GURU GEETA / ASARAM | ||
| 999 |
_c357394 _d357391 |
||